000 00603nam a22002057a 4500
003 KOHA_MİRAKIL
005 20260331101834.0
008 260330b tu ||||| |||| 00| 0 tur d
020 _a9786056558801
040 _aTR-AnABB
_btur
_cTR-AnABB
041 _atur
082 _a726.1 RİE 2015
_bRIE 2015
100 1 _aRiegl, Alois
245 1 0 _amodern anıt kültü :
_bdoğası ve kökeni /
_cAlois Riegl Türkçesi : Erdem Ceylan
260 _aAnkara :
_bDaimon,
_c2015
300 _a124 sayfa ;
_c20 cm
650 0 4 _amimari
900 _bCan ÇELIK
942 _2ddc
_cBK
999 _c10077
_d10077